[Event "Challenge"]
[Site "http://www.queenalice.com/game.php?id=214140"]
[Date "2007.5.21"]
[Round "-"]
[White "maikorech"]
[Black "vycthor"]
[Result "1-0"]
[WhiteElo "1466"]
[BlackElo "1647"]

1. e4 e5 2. Nc3 Bc5 3. Nf3 d6 4. d4 exd4 5. Nxd4 Qf6 6. Ncb5 Na6 7. Bd3 c6 8. e5
dxe5 9. Nc3 Bxd4 10. Ne4 Qh4 11. Bg5 Bxf2+ 12. Kf1 Bg4 13. Nd6+ Kf8 14. Bxh4
Bxd1 15. Bxf2 Bh5 16. Nxb7 Rb8 17. Bxa6 Ne7 18. Bc5 g6 19. Bd6 Re8 20. Bxe5 Rg8
21. Re1 Nd5 22. Na5 Re6 23. Bd4 Nb4 24. Bc4 Nxc2 25. Bc5+ Kg7 26. Bxe6 fxe6 27.
Rxe6 Rc8 28. Kf2 g5 29. Bxa7 c5 30. a3 Rf8+ 31. Kg3 Nd4 32. Re5 Ra8 33. Rxg5+
Kh6 34. Kh4 Bg6 35. Bxc5 Ne6 36. Re5 Nf4 37. Be3 Rf8 38. Rf1 Rf7 39. Rxf4 Kg7
40. Nc6 Rc7 41. Re7+ Rxe7 42. Nxe7 Be4 43. Rxe4 h5 44. Bd4+ Kh6 45. Re5 Kg7 46.
Rf5+ Kh6 47. Rxh5# 1-0

[Event "Challenge"]
[Site "http://www.queenalice.com/game.php?id=214443"]
[Date "2007.5.21"]
[Round "-"]
[White "vycthor"]
[Black "Barbudo"]
[Result "1-0"]
[WhiteElo "1500"]
[BlackElo "1711"]

1. e4 e5 2. Qf3 Nf6 3. Nc3 Nc6 4. h3 Bc5 5. a3 Nd4 6. Qd3 O-O 7. b4 Bd6 8. Nd5
Nxd5 9. exd5 Qf6 10. Nf3 Nxf3+ 11. Qxf3 Qxf3 12. gxf3 a6 13. c4 c6 14. Bb2 cxd5
15. cxd5 Re8 16. Bd3 b5 17. Be4 a5 18. O-O a4 19. Rac1 h6 20. Rfe1 Ra7 21. d4
Rb7 22. dxe5 Be7 23. f4 Bh4 24. d6 Rb6 25. Bd4 Ra6 26. Rc5 g5 27. fxg5 Bxg5 28.
Rxb5 Re6 29. Rb8 Re8 30. Re2 Bc1 31. Rc2 Bxa3 32. Rcxc8 Rxc8 33. Rxc8+ Kg7 34.
e6+ f6 35. exd7 Rxd6 36. d8=Q Rxd8 37. Rxd8 Bxb4 38. Rd7+ Kf8 39. Bxf6 Ke8 40.
Bc6 Bf8 41. Ra7# 1-0

[Event "Vai treinando..."]
[Site "http://www.queenalice.com/game.php?id=218013"]
[Date "2007.5.29"]
[Round "-"]
[White "vycthor"]
[Black "Barbudo"]
[Result "0-1"]
[WhiteElo "1589"]
[BlackElo "1648"]

1. e4 e5 2. Qf3 Nf6 3. Nh3 Bc5 4. a3 O-O 5. Ng5 Nc6 6. b4 Bd4 7. c3 Bb6 8. a4 a5
9. b5 Ne7 10. Qf5 Nxf5 11. exf5 Ng4 12. Ne4 d5 13. h3 Nf6 14. Nxf6+ Qxf6 15. g4
Qh4 16. Rh2 Re8 17. Ba3 d4 18. c4 c6 19. Bd6 Qf6 20. c5 cxb5 21. Bxb5 Rd8 22. d3
Bd7 23. cxb6 Qxd6 24. Rh1 Qc5 25. Nd2 Bxb5 26. axb5 Qxb5 27. Nc4 Qb4+ 28. Ke2 e4
29. Rab1 Qc3 30. Ne5 Qc2+ 31. Kf1 Qxb1+ 32. Kg2 Qxb6 33. dxe4 d3 34. g5 d2 35.
Nc4 Qb4 36. Ne3 Qxe4+ 37. Kh2 Rac8 38. Rd1 Rc1 39. f6 Rxd1 40. Nxd1 gxf6 41.
gxf6 Qe2 42. Nc3 Qxf2+ 43. Kh1 d1=Q+ 44. Nxd1 Rxd1# 0-1

[Event "aprende aí"]
[Site "http://www.queenalice.com/game.php?id=220027"]
[Date "2007.6.2"]
[Round "-"]
[White "vycthor"]
[Black "vmarcel"]
[Result "1/2-1/2"]
[WhiteElo "1562"]
[BlackElo "1714"]

1. e4 e5 2. Qf3 Nc6 3. Bc4 f6 4. Ne2 Nh6 5. Nbc3 Nd4 6. Qd3 a6 7. Nxd4 exd4 8.
Qxd4 d6 9. d3 c5 10. Qd5 Qe7 11. h3 Nf7 12. f4 h6 13. Ne2 g5 14. f5 Nd8 15. d4
cxd4 16. Nxd4 a5 17. Bd2 a4 18. a3 Ra6 19. Bc3 h5 20. h4 g4 21. b4 axb3 22. cxb3
Bh6 23. Bd2 Bxd2+ 24. Kxd2 Bd7 25. a4 Bc6 26. Nxc6 Nxc6 27. Bxa6 Nb4 28. Qxb7
Nxa6 29. Qxa6 Kf7 30. Rhc1 Rd8 31. Rc8 Rxc8 32. Qxc8 Qxe4 33. Qe6+ Qxe6 34.
fxe6+ Kxe6 35. a5 f5 36. a6 f4 37. Rf1 f3 38. gxf3 gxf3 39. a7 d5 40. a8=Q Ke5
41. Rxf3 Ke4 42. Qf8 d4 43. Qf4+ Kd5 44. Kd3 1/2-1/2

[Event "AUTO-INT-495"]
[Site "http://www.queenalice.com/game.php?id=227670"]
[Date "2007.6.19"]
[Round "1"]
[White "ivan_at"]
[Black "vycthor"]
[Result "1-0"]
[WhiteElo "1776"]
[BlackElo "1585"]

1. e4 Nf6 2. e5 Nd5 3. d4 Na6 4. c4 Ndb4 5. Nf3 d5 6. Nc3 Bf5 7. cxd5 Nc2+ 8.
Ke2 Nxa1 9. Nh4 Bg4+ 10. f3 Bd7 11. Be3 e6 12. g3 g5 13. Ng2 exd5 14. Nxd5 Bf5
15. Nf6+ Ke7 16. Bxg5 Qc8 17. Qxa1 Nb4 18. Ne3 h6 19. g4 Bd3+ 20. Kf2 Bg7 21.
Nfd5+ Kf8 22. Nxb4 Bg6 23. Bf4 Qe6 24. b3 c6 25. Bc4 Qe7 26. d5 Qxb4 27. Rd1 h5
28. g5 h4 29. h3 Qc5 30. Qd4 Qa3 31. Rd2 Rd8 32. d6 Qc1 33. Rd1 c5 34. Qxc5 Qb2+
35. Kg1 Qxa2 36. d7+ Kg8 37. e6 fxe6 38. Bxe6+ Bf7 39. Bxf7+ Kxf7 40. Qd5+ Kf8
41. Bd6# 1-0

[Event "AUTO-INT-495"]
[Site "http://www.queenalice.com/game.php?id=227671"]
[Date "2007.6.19"]
[Round "1"]
[White "vycthor"]
[Black "ivan_at"]
[Result "1-0"]
[WhiteElo "1560"]
[BlackElo "1645"]

1. e4 e5 2. Qf3 Nf6 3. Bc4 Bc5 4. d3 O-O 5. h4 d6 6. h5 Bg4 7. Qg3 Qd7 8. h6 g6
9. Nc3 Nc6 10. Nd5 Nxd5 11. Bxd5 Nd4 12. Bb3 Nxb3 13. axb3 f5 14. f3 f4 15. Qxg4
Qxg4 16. fxg4 g5 17. Nh3 f3 18. gxf3 Rxf3 19. Nxg5 Bf2+ 20. Ke2 Rf6 21. Be3 Raf8
22. Rxa7 Bxe3 23. Kxe3 Rf2 24. c4 Rxb2 25. Rxb7 Rc8 26. Ra1 Rh2 27. Rxc7 1-0

[Event "AUTO-INT-495"]
[Site "http://www.queenalice.com/game.php?id=227686"]
[Date "2007.6.19"]
[Round "1"]
[White "THECRAZY"]
[Black "vycthor"]
[Result "1-0"]
[WhiteElo "1768"]
[BlackElo "1577"]

1. d4 Nc6 2. c4 e5 3. d5 Nd4 4. e3 Nf5 5. e4 Nd4 6. Nf3 Bc5 7. Nxe5 f6 8. Nd3
Qe7 9. Be3 Qxe4 10. Nxc5 Nc2+ 11. Kd2 Nxa1 12. Nxe4 Ne7 13. Nbc3 f5 14. Qh5+ g6
15. Qf3 fxe4 16. Nxe4 Nf5 17. Bd3 Rf8 18. Re1 Nh4 19. Nf6+ Kd8 20. Qe4 Nf5 21.
Bg5 Rf7 22. Qe8# 1-0

[Event "AUTO-INT-495"]
[Site "http://www.queenalice.com/game.php?id=227687"]
[Date "2007.6.19"]
[Round "1"]
[White "vycthor"]
[Black "THECRAZY"]
[Result "0-1"]
[WhiteElo "1549"]
[BlackElo "1797"]

1. e4 c5 2. Bc4 Nc6 3. Qf3 Ne5 4. Qh5 Nxc4 5. Qxc5 Nb6 6. Nc3 e6 7. Qe3 Nf6 8.
Nh3 Qc7 9. b3 Bc5 10. Qg3 Qxg3 11. hxg3 O-O 12. Bb2 d5 13. e5 Ng4 14. Nb5 Nd7
15. d4 Bb4+ 16. c3 Be7 17. O-O-O f6 18. Rhe1 fxe5 19. dxe5 Nxf2 20. Nxf2 Rxf2
21. Rg1 Nxe5 22. c4 Bd7 23. Bxe5 Bxb5 24. cxb5 Rc8+ 25. Kb1 Rcc2 26. a4 Bc5 27.
Rgf1 Rxg2 28. Bd4 Ba3 29. Rde1 h6 30. Rxe6 Rcd2 31. Be3 Rb2+ 32. Ka1 Ra2+ 33.
Kb1 Rgb2+ 0-1

[Event "AUTO-INT-495"]
[Site "http://www.queenalice.com/game.php?id=227696"]
[Date "2007.6.19"]
[Round "1"]
[White "joaoreis001"]
[Black "vycthor"]
[Result "1-0"]
[WhiteElo "1579"]
[BlackElo "1564"]

1. Nf3 f5 2. g3 e6 3. Bg2 h5 4. h4 Nh6 5. d4 Bb4+ 6. c3 Bd6 7. Ne5 Bxe5 8. dxe5
Ng4 9. Bg5 Qxg5 10. hxg5 g6 11. Na3 Nxe5 12. Qd4 Nbc6 13. Bxc6 bxc6 14. Qxe5 Rf8
15. Qxc7 Ba6 16. O-O-O Bxe2 17. Qxd7# 1-0

[Event "AUTO-INT-495"]
[Site "http://www.queenalice.com/game.php?id=227697"]
[Date "2007.6.19"]
[Round "1"]
[White "vycthor"]
[Black "joaoreis001"]
[Result "0-1"]
[WhiteElo "1543"]
[BlackElo "1584"]

1. Nc3 c5 2. Nf3 b6 3. Ne4 h6 4. d4 d5 5. Nc3 c4 6. g3 g5 7. Ne5 Nf6 8. e3 Bg7
9. Bg2 Bb7 10. Ng4 e6 11. Ne5 O-O 12. h4 Nc6 13. hxg5 Nxe5 14. dxe5 Nd7 15. gxh6
Bxe5 16. Qg4+ Kh7 17. Rh5 Rg8 18. Qf3 Nf6 0-1

[Event "Challenge"]
[Site "http://www.queenalice.com/game.php?id=227898"]
[Date "2007.6.20"]
[Round "-"]
[White "vycthor"]
[Black "ramones"]
[Result "1-0"]
[WhiteElo "1560"]
[BlackElo "1130"]

1. a4 Nf6 2. a5 b6 3. f3 bxa5 4. Rxa5 Nc6 5. Ra4 e5 6. c3 Bc5 7. Nh3 O-O 8. Ng5
h6 9. Ne4 d6 10. d4 exd4 11. cxd4 Bxd4 12. Rc4 Qd7 13. e3 Bc5 14. Qc2 Re8 15.
Nbc3 Qe6 16. Nb5 Rb8 17. Nxc7 Bb6 18. Nxe6 Rxe6 19. Rxc6 d5 20. Nxf6+ Rxf6 21.
Rxc8+ Bd8 22. Rxb8 Rb6 23. Rxd8# 1-0

[Event "quem sabe agora..."]
[Site "http://www.queenalice.com/game.php?id=229792"]
[Date "2007.6.24"]
[Round "-"]
[White "vycthor"]
[Black "vmarcel"]
[Result "1/2-1/2"]
[WhiteElo "1570"]
[BlackElo "1699"]

1. e4 e5 2. c4 Qh4 3. Nc3 Bc5 4. g3 Qf6 5. Nh3 d6 6. Qf3 Qxf3 7. Rg1 Bxh3 8.
Bxh3 Qxf2+ 9. Kd1 Qxg1+ 10. Kc2 Qxh2 11. Bc8 Nd7 12. Bxb7 Rb8 13. Bc6 Ne7 14.
Bb5 Qxg3 15. Nd5 Nxd5 16. exd5 Qg6+ 17. Kb3 a6 18. Ka4 axb5+ 19. cxb5 Ra8+ 20.
Kb3 Qg3+ 1/2-1/2